000 005760000a22001810004500
003 MACL
005 20160527121639.0
008 160527b xxu||||| |||| 00| 0 eng d
040 _aMACL
_cMACL
041 _aHindi
082 _a891.433
100 _aनेमाडे, भालचंद्र
_960061
245 _aकोसला
_cभालचंद्र नेमाडे
260 _bनेशनल बुक ट्रस्‍ट इंडिया
_c1993
_aदिल्‍ली
350 _a48
650 _aNovel
_960062
942 _cHIN
_k891.433/NEM/N
_2ddc
999 _c20354
_d20354